000 00635cam a22002051 4500
001 sd 19000027
003 DLC
005 20260227112730.0
008 070910s1917 ne 000 0 dut
010 _asd 19000027
040 _aDLC
_cDLC
_dDLC
043 _ae-ne---
050 0 0 _aD621.N4
_bT7 1917
100 1 _aTreub, M. W. F.
_q(Marie Willem Frederik),
_d1858-1931.
245 1 0 _aOorlogstijd herinneringen en indrukken,
_cvan Mr. W. F. Treub.
250 _a2. druk
260 _aAmsterdam,
_bScheltema & Holkema's boekhandel;
_c[etc., etc.] 1917.
300 _axii, 402 p.
_c24 cm.
650 0 _aWorld War, 1914-1918
_zNetherlands.
999 _c89700
_d89700